[Event "AUT-ch (Women)"]
[Site "Graz"]
[Date "2017.08.18"]
[Round "7"]
[White "Landl, Margot"]
[Black "Schnegg, Anna Lena"]
[Result "0-1"]
[WhiteElo "1950"]
[BlackElo "2128"]
[PlyCount "58"]
[EventDate "2017.08.12"]
[EventType "swiss"]
[EventRounds "9"]
[EventCountry "AUT"]
[SourceTitle "CBM 180 Extra"]
[Source "ChessBase"]
[SourceDate "2017.10.06"]
[SourceVersion "1"]
[SourceVersionDate "2017.10.06"]
[SourceQuality "1"]

1. e4 c5 2. Nc3 Nc6 3. g3 g6 4. Bg2 Bg7 5. d3 b6 6. Be3 Bb7 7. Nge2 d6 8. Qd2 Nd4 9. 0-0 Qd7 10. a4 e5 11. a5 Ne7 12. axb6 axb6 13. Rxa8+ Bxa8 14. Nd5 Nxd5 15. exd5 0-0 16. c3 Nxe2+ 17. Qxe2 f5 18. f4 Re8 19. Qd2 Qa4 20. Qd1 Qa5 21. Qa1 Qb5 22. Rd1 Qb3 23. c4 e4 24. Rd2 exd3 25. Qa6 Rxe3 26. Qxa8+ Kf7 27. h3 Qxc4 28. Bf1 Rxg3+ 29. Kh2 Qxf4 0-1

[Event "AUT-ch (Women)"]
[Site "Graz"]
[Date "2017.08.16"]
[Round "5"]
[White "Kordzadze, Nino"]
[Black "Schnegg, Anna Lena"]
[Result "1/2-1/2"]
[WhiteElo "1913"]
[BlackElo "2128"]
[PlyCount "116"]
[EventDate "2017.08.12"]
[EventType "swiss"]
[EventRounds "9"]
[EventCountry "AUT"]
[SourceTitle "CBM 180 Extra"]
[Source "ChessBase"]
[SourceDate "2017.10.06"]
[SourceVersion "1"]
[SourceVersionDate "2017.10.06"]
[SourceQuality "1"]

1. c4 c5 2. g3 Nf6 3. Bg2 d5 4. cxd5 Nxd5 5. Nc3 Nc7 6. Qa4+ Qd7 7. Qxd7+ Nxd7 8. Nf3 e5 9. b3 Be7 10. Bh3 f6 11. Bb2 0-0 12. 0-0-0 Nb6 13. Bxc8 Rfxc8 14. d3 Nbd5 15. Ne4 b5 16. Kb1 Ne6 17. g4 a5 18. g5 f5 19. Ng3 Nd4 20. Nxf5 Nxf5 21. e4 Nd4 22. Bxd4 exd4 23. exd5 Rf8 24. Nd2 Rad8 25. Ne4 Rxd5 26. h4 Rf4 27. Rc1 Rf3 28. Rhd1 Rh3 29. g6 Rxh4 30. Rg1 Rhh5 31. Rce1 hxg6 32. Rxg6 Kf7 33. Rb6 b4 34. Rb7 Rde5 35. f4 Re6 36. Nd6+ Rxd6 37. Rexe7+ Kf6 38. Rf7+ Kg6 39. Rxg7+ Kf5 40. Rbf7+ Rf6 41. Re7 Kxf4 42. Re4+ Kf3 43. Rgg4 Rff5 44. Rg1 Re5 45. Rf1+ Kg3 46. Ref4 Re1+ 47. Rxe1 Kxf4 48. a3 Rh3 49. axb4 Rxd3 50. bxc5 Rxb3+ 51. Kc2 Rc3+ 52. Kd2 a4 53. c6 a3 54. c7 Rxc7 55. Kd3 Rd7 56. Ra1 Rg7 57. Kxd4 Ra7 58. Kc3 Ke3 1/2-1/2

[Event "AUT-ch (Women)"]
[Site "Graz"]
[Date "2017.08.15"]
[Round "4"]
[White "Schnegg, Anna Lena"]
[Black "Froewis, Annika"]
[Result "1/2-1/2"]
[WhiteElo "2128"]
[BlackElo "2094"]
[PlyCount "61"]
[EventDate "2017.08.12"]
[EventType "swiss"]
[EventRounds "9"]
[EventCountry "AUT"]
[SourceTitle "CBM 180 Extra"]
[Source "ChessBase"]
[SourceDate "2017.10.06"]
[SourceVersion "1"]
[SourceVersionDate "2017.10.06"]
[SourceQuality "1"]

1. e4 e6 2. d4 d5 3. exd5 exd5 4. Bd3 Bd6 5. Ne2 Ne7 6. Bg5 h6 7. Bh4 c6 8. 0-0 0-0 9. c3 Qc7 10. Bg3 Bf5 11. Bxd6 Qxd6 12. Ng3 Bxd3 13. Qxd3 Nd7 14. Nd2 Ng6 15. Nf5 Qf6 16. Qf3 Qg5 17. Nb3 Nh4 18. Nxh4 Qxh4 19. Rfe1 Rfe8 20. Re2 Qf6 21. Qxf6 Nxf6 22. Rae1 Rxe2 23. Rxe2 Kf8 24. Nc5 b6 25. Nd3 Nd7 26. Ne5 Nxe5 27. Rxe5 Re8 28. Rxe8+ Kxe8 29. Kf1 Ke7 30. Ke2 Ke6 31. Ke3 1/2-1/2

[Event "AUT-ch (Women)"]
[Site "Graz"]
[Date "2017.08.14"]
[Round "3"]
[White "Busuioc, Alexandra"]
[Black "Schnegg, Anna Lena"]
[Result "1/2-1/2"]
[WhiteElo "1881"]
[BlackElo "2128"]
[PlyCount "41"]
[EventDate "2017.08.12"]
[EventType "swiss"]
[EventRounds "9"]
[EventCountry "AUT"]
[SourceTitle "CBM 180 Extra"]
[Source "ChessBase"]
[SourceDate "2017.10.06"]
[SourceVersion "1"]
[SourceVersionDate "2017.10.06"]
[SourceQuality "1"]

1. e4 e5 2. Nf3 Nc6 3. Bc4 Bc5 4. c3 Nf6 5. b4 Bb6 6. d3 d6 7. a4 a5 8. b5 Ne7 9. 0-0 0-0 10. Nbd2 Ng6 11. Ba2 c6 12. Nc4 Bc7 13. Re1 Re8 14. Bg5 h6 15. Bxf6 Qxf6 16. Ne3 Bb6 17. Nc4 Bc7 18. Ne3 Bb6 19. Nc4 Bc7 20. Ne3 Bb6 21. Nc4 1/2-1/2

[Event "AUT-ch (Women)"]
[Site "Graz"]
[Date "2017.08.12"]
[Round "1"]
[White "Lymysalo, Venla"]
[Black "Schnegg, Anna Lena"]
[Result "0-1"]
[WhiteElo "1843"]
[BlackElo "2128"]
[PlyCount "96"]
[EventDate "2017.08.12"]
[EventType "swiss"]
[EventRounds "9"]
[EventCountry "AUT"]
[SourceTitle "CBM 180 Extra"]
[Source "ChessBase"]
[SourceDate "2017.10.06"]
[SourceVersion "1"]
[SourceVersionDate "2017.10.06"]
[SourceQuality "1"]

1. d4 d5 2. c4 e6 3. Nc3 Be7 4. e3 Nf6 5. Nf3 0-0 6. Be2 a6 7. 0-0 dxc4 8. Bxc4 b5 9. Bb3 Bb7 10. Re1 Nbd7 11. Bc2 c5 12. e4 cxd4 13. Nxd4 Ne5 14. h3 Bc5 15. Nf3 Qxd1 16. Nxd1 Nxf3+ 17. gxf3 Rac8 18. Re2 Nh5 19. Be3 e5 20. Kh2 Bd4 21. Rd2 Rfd8 22. Bb3 g6 23. Rc2 Rxc2 24. Bxc2 Rc8 25. Bb3 a5 26. Nc3 Bxc3 27. bxc3 a4 28. Bd5 Bxd5 29. exd5 Nf6 30. Rd1 Kf8 31. d6 Ke8 32. Bg5 Nd7 33. Rd3 f6 34. Bc1 Nb6 35. Be3 Nd7 36. Kg3 Kf7 37. h4 Ke6 38. h5 Rc6 39. Kg4 Rxd6 40. Rxd6+ Kxd6 41. f4 exf4 42. Kxf4 Kd5 43. Bd4 Kc4 44. Ke4 gxh5 45. f4 h4 46. a3 h3 47. Kf3 b4 48. axb4 a3 0-1

[Event "Olympiad Women-42"]
[Site "Baku"]
[Date "2016.09.10"]
[Round "8.3"]
[White "Hamid, Rani"]
[Black "Schnegg, Anna Lena"]
[Result "1/2-1/2"]
[WhiteElo "1993"]
[BlackElo "2133"]
[PlyCount "60"]
[EventDate "2016.09.02"]
[EventType "team-swiss"]
[EventRounds "11"]
[EventCountry "AZE"]
[SourceTitle "CBM 174 Extra"]
[Source "ChessBase"]
[SourceDate "2016.10.10"]
[SourceVersion "1"]
[SourceVersionDate "2016.10.10"]
[SourceQuality "1"]
[WhiteTeam "Bangladesh (W)"]
[BlackTeam "Austria (W)"]
[WhiteTeamCountry "BAN"]
[BlackTeamCountry "AUT"]

1. e4 e5 2. Nf3 Nc6 3. Bb5 a6 4. Ba4 Nf6 5. 0-0 Be7 6. Re1 b5 7. Bb3 d6 8. c3 0-0 9. h3 Na5 10. Bc2 c5 11. d4 Qc7 12. Nbd2 Be6 13. Nf1 Nc4 14. Ng3 Rfe8 15. Bd3 Nb6 16. Bd2 Na4 17. Bc1 Rad8 18. Bc2 Nb6 19. d5 Bd7 20. b3 a5 21. a4 c4 22. axb5 Ra8 23. bxc4 Qxc4 24. Be3 Reb8 25. Bd3 Qxc3 26. Rc1 Qb4 27. Rb1 Qc3 28. Rc1 Qb4 29. Rb1 Qc3 30. Rc1 Qb4 1/2-1/2

[Event "Olympiad Women-42"]
[Site "Baku"]
[Date "2016.09.02"]
[Round "1.34"]
[White "Schnegg, Anna Lena"]
[Black "Thapelo, Francis"]
[Result "1-0"]
[WhiteElo "2133"]
[BlackElo "1700"]
[PlyCount "103"]
[EventDate "2016.09.02"]
[EventType "team-swiss"]
[EventRounds "11"]
[EventCountry "AZE"]
[SourceTitle "CBM 174 Extra"]
[Source "ChessBase"]
[SourceDate "2016.10.10"]
[SourceVersion "1"]
[SourceVersionDate "2016.10.10"]
[SourceQuality "1"]
[WhiteTeam "Austria (W)"]
[BlackTeam "Botswana (W)"]
[WhiteTeamCountry "AUT"]
[BlackTeamCountry "BOT"]

1. e4 e5 2. Nf3 Nc6 3. Bb5 a6 4. Ba4 Nf6 5. 0-0 Be7 6. Re1 b5 7. Bb3 d6 8. c3 Na5 9. Bc2 c5 10. d4 Qc7 11. h3 0-0 12. Nbd2 c4 13. Nf1 Re8 14. Ne3 Bf8 15. Qe2 g6 16. b4 Nb7 17. a4 Bd7 18. a5 Bg7 19. dxe5 dxe5 20. Nh2 Bc6 21. Neg4 Nxg4 22. hxg4 Nd8 23. Be3 Ne6 24. g3 Qe7 25. Nf3 Qb7 26. Nd2 Qc7 27. Rad1 g5 28. Kg2 f6 29. f3 Kf7 30. Rh1 Rh8 31. Nf1 h6 32. Bb6 Qe7 33. Ne3 Kg8 34. Nf5 Qf7 35. Rd6 Rc8 36. Rh5 Bf8 37. Rd1 Ng7 38. Nxh6+ Rxh6 39. Rxh6 Ne6 40. Rh2 Bb7 41. Kf2 Ba8 42. Ke1 Rc6 43. Kd2 Bg7 44. Kc1 Bb7 45. Qd2 Bc8 46. Be3 Bf8 47. Rdh1 Bg7 48. f4 exf4 49. gxf4 gxf4 50. Bxf4 Nxf4 51. Qxf4 Be6 52. g5 1-0

[Event "AUT-ch (Women)"]
[Site "St Johann im Pongau"]
[Date "2016.07.29"]
[Round "7"]
[White "Tschida, Verena"]
[Black "Schnegg, Anna Lena"]
[Result "0-1"]
[WhiteElo "1653"]
[BlackElo "2182"]
[PlyCount "62"]
[EventDate "2016.07.23"]
[EventType "tourn"]
[EventRounds "9"]
[EventCountry "AUT"]
[SourceTitle "CBM 173 Extra"]
[Source "ChessBase"]
[SourceDate "2016.08.29"]
[SourceVersion "1"]
[SourceVersionDate "2016.08.29"]
[SourceQuality "1"]

1. d4 d5 2. c4 e6 3. Nf3 Nf6 4. Bg5 Be7 5. Nc3 h6 6. Bh4 0-0 7. e3 Nbd7 8. Be2 a6 9. 0-0 dxc4 10. Bxc4 b5 11. Be2 Bb7 12. Rc1 Rc8 13. a3 c5 14. dxc5 Bxc5 15. b4 Be7 16. Qb3 Qb6 17. Rfd1 Rfd8 18. Nd4 Ne5 19. h3 Ng6 20. Bg3 Nd5 21. Bf3 Nxc3 22. Rxc3 Bxf3 23. gxf3 Rxc3 24. Qxc3 e5 25. Rc1 exd4 26. exd4 Qxd4 27. Qc6 Bh4 28. Kg2 Bxg3 29. fxg3 Qd2+ 30. Kh1 Qe2 31. Qxa6 Rd2 0-1

[Event "AUT-ch (Women)"]
[Site "St Johann im Pongau"]
[Date "2016.07.28"]
[Round "6"]
[White "Schnegg, Anna Lena"]
[Black "Hapala, Elisabeth"]
[Result "1-0"]
[WhiteElo "2182"]
[BlackElo "2222"]
[PlyCount "79"]
[EventDate "2016.07.23"]
[EventType "tourn"]
[EventRounds "9"]
[EventCountry "AUT"]
[SourceTitle "CBM 173 Extra"]
[Source "ChessBase"]
[SourceDate "2016.08.29"]
[SourceVersion "1"]
[SourceVersionDate "2016.08.29"]
[SourceQuality "1"]

1. g3 Nf6 2. Bg2 d5 3. f4 g6 4. Nf3 Bg7 5. 0-0 0-0 6. d3 c6 7. h3 Re8 8. Qe1 Nfd7 9. Qf2 Qc7 10. e4 dxe4 11. dxe4 e5 12. f5 Nf6 13. Nh4 Qb6 14. Qxb6 axb6 15. g4 Na6 16. Nc3 Nd7 17. a3 Bf8 18. Kh1 b5 19. b3 Nb6 20. Ne2 Bc5 21. g5 b4 22. a4 Nc7 23. Bd2 Nd7 24. c3 bxc3 25. Nxc3 Na6 26. Bf3 Bb4 27. Be2 Ndc5 28. Bc4 Bxc3 29. fxg6 Be6 30. gxf7+ Bxf7 31. Bxf7+ Kg7 32. Bxc3 Nxe4 33. Bxe8 Ng3+ 34. Kg2 Nxf1 35. Bxe5+ Kg8 36. Bf7+ Kxf7 37. Rxf1+ Ke6 38. Re1 Kd5 39. Bf6 Kc5 40. Be7+ 1-0

[Event "AUT-ch (Women)"]
[Site "St Johann im Pongau"]
[Date "2016.07.25"]
[Round "3"]
[White "Horvath, Reka"]
[Black "Schnegg, Anna Lena"]
[Result "0-1"]
[WhiteElo "2043"]
[BlackElo "2182"]
[PlyCount "82"]
[EventDate "2016.07.23"]
[EventType "tourn"]
[EventRounds "9"]
[EventCountry "AUT"]
[SourceTitle "CBM 173 Extra"]
[Source "ChessBase"]
[SourceDate "2016.08.29"]
[SourceVersion "1"]
[SourceVersionDate "2016.08.29"]
[SourceQuality "1"]

1. e4 e5 2. Nf3 Nc6 3. Bb5 a6 4. Ba4 Nf6 5. 0-0 Be7 6. d3 b5 7. Bb3 d6 8. a3 0-0 9. Nc3 Bg4 10. Be3 Nd4 11. Bxd4 exd4 12. Nd5 c5 13. Nf4 Rc8 14. h3 Bd7 15. Ba2 Bc6 16. Re1 Bb7 17. Ng5 Qb6 18. Qe2 Rce8 19. Qf3 Bd8 20. Nh5 h6 21. Nxf7 Rxf7 22. Nxf6+ Bxf6 23. Bxf7+ Kxf7 24. Qh5+ Ke7 25. Qg6 Kd8 26. f4 Qc6 27. Re2 Re7 28. Rae1 Qe8 29. Qf5 Qf7 30. Rf1 Bc8 31. Qh7 Qe8 32. Rfe1 Bh4 33. Rf1 Qf7 34. b4 Bf5 35. exf5 Rxe2 36. f6 Bxf6 37. bxc5 Qd5 38. Qg6 dxc5 39. Qg4 Qe6 40. f5 Qe3+ 41. Kh1 Re1 0-1

[Event "Mitropa Cup (Women)"]
[Site "Prague"]
[Date "2016.06.26"]
[Round "8.2"]
[White "Schnegg, Anna Lena"]
[Black "Vujnovic, Patricija"]
[Result "1-0"]
[WhiteElo "2109"]
[BlackElo "2131"]
[PlyCount "117"]
[EventDate "2016.06.19"]
[EventType "team-tourn"]
[EventRounds "9"]
[EventCountry "CZE"]
[SourceTitle "CBM 173 Extra"]
[Source "ChessBase"]
[SourceDate "2016.08.29"]
[SourceVersion "1"]
[SourceVersionDate "2016.08.29"]
[SourceQuality "1"]
[WhiteTeam "Austria (W)"]
[BlackTeam "Croatia (W)"]
[WhiteTeamCountry "AUT"]
[BlackTeamCountry "CRO"]

1. e4 c5 2. Nf3 d6 3. c4 e5 4. g3 Nc6 5. Bg2 Bg4 6. h3 Bh5 7. d3 Be7 8. 0-0 Nd4 9. g4 Nxf3+ 10. Qxf3 Bg6 11. Nc3 h5 12. gxh5 Rxh5 13. Qg3 Bh4 14. Qh2 Nf6 15. f4 Ng4 16. hxg4 Bf2+ 17. Rxf2 Rxh2 18. Kxh2 Qh4+ 19. Kg1 Qxg4 20. Nd5 Kd7 21. Be3 f5 22. Kf1 Rh8 23. Bf3 Qg3 24. Ke2 Rh3 25. Raf1 Qh4 26. Kd2 Bf7 27. exf5 Bxd5 28. Bxd5 Qf6 29. Rb1 exf4 30. Rxf4 Rh2+ 31. Rf2 Rxf2+ 32. Bxf2 Qxf5 33. Be3 Qe5 34. Bxb7 Qh2+ 35. Kc3 Qe5+ 36. Kd2 Qh2+ 37. Kd1 g5 38. Bd2 g4 39. Kc2 Kc7 40. Be4 g3 41. Kc3 g2 42. Be3 Qg3 43. Kd2 Qg7 44. Ke2 a5 45. a4 Kd7 46. Kf3 Kc7 47. Rg1 Qf6+ 48. Bf4 Qxb2 49. Rxg2 Qa1 50. Rg6 Qd1+ 51. Kg3 Qe1+ 52. Kg4 Qd1+ 53. Kg5 Qxa4 54. Bxd6+ Kd7 55. Bxc5 Qd1 56. Rg7+ Kc8 57. Bf5+ Kd8 58. Bb6+ Ke8 59. Kg6 1-0

[Event "Mitropa Cup (Women)"]
[Site "Prague"]
[Date "2016.06.24"]
[Round "6.2"]
[White "Schnegg, Anna Lena"]
[Black "Fuchs, Judith"]
[Result "0-1"]
[WhiteElo "2109"]
[BlackElo "2321"]
[PlyCount "96"]
[EventDate "2016.06.19"]
[EventType "team-tourn"]
[EventRounds "9"]
[EventCountry "CZE"]
[SourceTitle "CBM 173 Extra"]
[Source "ChessBase"]
[SourceDate "2016.08.29"]
[SourceVersion "1"]
[SourceVersionDate "2016.08.29"]
[SourceQuality "1"]
[WhiteTeam "Austria (W)"]
[BlackTeam "Germany (W)"]
[WhiteTeamCountry "AUT"]
[BlackTeamCountry "GER"]

1. c4 e5 2. Nc3 Nf6 3. g3 Nc6 4. Bg2 Bc5 5. d3 0-0 6. Nf3 d6 7. 0-0 h6 8. Na4 Be6 9. a3 a5 10. Nxc5 dxc5 11. Be3 Qe7 12. Nd2 Ng4 13. Bxc6 bxc6 14. Ne4 Nxe3 15. fxe3 f5 16. Nc3 h5 17. Kh1 Rf6 18. Qe1 Raf8 19. e4 f4 20. gxf4 exf4 21. Qh4 Qf7 22. e5 Rf5 23. Rf3 Rxe5 24. Raf1 g5 25. Rg1 Bg4 26. Rxg4 hxg4 27. Qxg4 Qf5 28. Qxf5 Rexf5 29. h3 Re5 30. Rf2 Kg7 31. Kg2 Rb8 32. Nd1 Rh8 33. Nc3 Re3 34. Rf3 Rxf3 35. exf3 Rb8 36. Na4 Rb3 37. Nxc5 Rxb2+ 38. Kf1 Ra2 39. a4 Kg6 40. Ke1 Kf5 41. Nb3 Rxa4 42. Nd4+ Kf6 43. Kd2 Ra2+ 44. Kc3 Rh2 45. Nxc6 Rxh3 46. Nd4 c5 47. Nb3 Rxf3 48. Nxc5 g4 0-1